[Event "45th Rilton Cup 2015-16"]
[Site "Stockholm SWE"]
[Date "2015.12.27"]
[Round "1.47"]
[White "Sarwer, Jeff"]
[Black "Storme, Isak"]
[Result "0-1"]
[WhiteTitle "FM"]
[WhiteElo "2263"]
[BlackElo "1864"]
[WhiteFideId "2604213"]
[BlackFideId "1728113"]
[EventDate "2015.12.27"]

1. d4 Nf6 2. c4 g6 3. Nc3 d5 4. Nf3 Bg7 5. h4 c6 6. Bg5 dxc4 7. a4 Nd5 8. Qd2 h6
9. Bf4 Nxf4 10. Qxf4 Qa5 11. e3 Qb4 12. Rb1 Be6 13. Nd2 Nd7 14. h5 g5 15. Qg3
Nb6 16. Be2 Nxa4 17. O-O O-O 18. f4 Nxc3 19. bxc3 Qxc3 20. Ne4 Qc2 21. fxg5 Qxe2
22. gxh6 Qg4 23. hxg7 Kxg7 24. Rxb7 Qxg3 25. Nxg3 a5 26. Ne4 a4 27. Nc3 a3 28.
Rxe7 Rfb8 29. e4 a2 30. Ra1 Rb2 31. Kh2 Rc2 32. Nd1 Rb8 33. Ra7 c3 34. Ne3 Re2
35. d5 cxd5 36. exd5 Rxe3 37. dxe6 c2 38. Rxf7+ Kg8 39. Rc7 Rb2 40. h6 Rxe6 41.
h7+ Kh8 42. Kg3 Re8 43. Kf4 Rb1 44. Rxa2 c1=Q+ 45. Rxc1 Rxc1 46. g4 Kxh7 47.
Ra7+ Kh8 48. g5 Rf1+ 49. Kg4 Rg8 50. Ra5 Kh7 51. Rb5 Ra8 52. Rb7+ Kg6 53. Rb6+
Kg7 54. Rb7+ Rf7 55. Rb6 Ra1 56. Rc6 Rg1+ 57. Kh5 Kh8 58. Rc8+ Kh7 59. Rc5 Ra7
60. Rb5 Rh1+ 61. Kg4 Ra4+ 62. Kf5 Rf1+ 63. Ke5 Kg6 0-1

[Event "45th Rilton Cup 2015-16"]
[Site "Stockholm SWE"]
[Date "2015.12.28"]
[Round "2.1"]
[White "Akesson, Ralf"]
[Black "Hammer, Jon Ludvig"]
[Result "0-1"]
[WhiteTitle "GM"]
[BlackTitle "GM"]
[WhiteElo "2421"]
[BlackElo "2695"]
[WhiteFideId "1700120"]
[BlackFideId "1503707"]
[EventDate "2015.12.27"]

1. Nf3 d5 2. d4 Nc6 3. g3 Bg4 4. Bg2 Qd7 5. c4 dxc4 6. d5 Bxf3 7. Bxf3 Ne5 8.
Bg2 e6 9. f4 Ng4 10. h3 Bb4+ 11. Nc3 N4f6 12. dxe6 Qxd1+ 13. Kxd1 O-O-O+ 14. Kc2
fxe6 15. e4 Rd3 16. Bf1 Rxg3 17. Bxc4 Bxc3 18. Bxe6+ Kb8 19. bxc3 Nxe4 20. Ba3
Ngf6 21. Rhg1 Rxc3+ 22. Kb2 g6 23. Rae1 Re8 24. Bf7 Rd8 25. Rg2 c5 26. Bb3 Rdd3
27. Rc2 Rxh3 28. Rxc3 Rxc3 29. Bc2 Rc4 0-1

[Event "45th Rilton Cup 2015-16"]
[Site "Stockholm SWE"]
[Date "2015.12.28"]
[Round "2.2"]
[White "Rodshtein, Maxim"]
[Black "Lindgren, Philip"]
[Result "1-0"]
[WhiteTitle "GM"]
[BlackTitle "FM"]
[WhiteElo "2678"]
[BlackElo "2418"]
[WhiteFideId "2806851"]
[BlackFideId "1713230"]
[EventDate "2015.12.27"]

1. d4 d5 2. c4 c6 3. Nf3 Nf6 4. Nc3 e6 5. Bg5 h6 6. Bh4 dxc4 7. e4 g5 8. Bg3 b5
9. Be2 Bb7 10. Qc2 Nbd7 11. Nd2 Qb6 12. Rd1 Be7 13. O-O h5 14. h3 a6 15. a4 h4
16. Bh2 Nh5 17. b3 cxb3 18. Nxb3 Nf4 19. Rfe1 Nxe2+ 20. Qxe2 bxa4 21. Nc5 Nxc5
22. dxc5 Qxc5 23. Nxa4 Qb5 24. Rb1 Qxa4 25. Rxb7 Qa3 26. Be5 Rh7 27. Rd1 Kf8 28.
Rxe7 Kxe7 29. Qd2 Qa4 30. Qxg5+ Ke8 31. Rd4 1-0

[Event "45th Rilton Cup 2015-16"]
[Site "Stockholm SWE"]
[Date "2015.12.28"]
[Round "2.3"]
[White "Sjodahl, Pontus"]
[Black "Alekseev, Evgeny"]
[Result "1/2-1/2"]
[WhiteTitle "IM"]
[BlackTitle "GM"]
[WhiteElo "2404"]
[BlackElo "2642"]
[WhiteFideId "1700537"]
[BlackFideId "4138147"]
[EventDate "2015.12.27"]

1. d4 Nf6 2. c4 e6 3. Nc3 Bb4 4. e3 O-O 5. Ne2 d5 6. a3 Bd6 7. Ng3 c5 8. dxc5
Bxc5 9. b4 Bb6 10. Bb2 d4 11. exd4 Bxd4 12. Be2 e5 13. O-O Nc6 14. Qc2 Ng4 15.
b5 Ne7 16. h3 Nh6 17. Rad1 Nef5 18. Nxf5 Nxf5 19. Bd3 Nh4 20. Be4 f5 21. Bd5+
Kh8 22. Rxd4 exd4 23. Ne2 f4 24. Nxd4 Qg5 25. Kh2 Rb8 26. Rg1 Bd7 27. Ne6 Bxe6
28. Bxe6 Rbe8 29. Bd5 Re7 30. Bd4 b6 31. Qd3 Ng6 32. Rd1 Nh4 33. Rg1 Rfe8 34.
Bc3 Rd8 35. Bb4 Re3 36. Qd4 Re2 37. Bd2 Ng6 38. Rf1 Ree8 39. Rd1 h6 40. a4 Re2
41. a5 Qf6 42. Qxf6 gxf6 43. axb6 axb6 44. Bc3 Ne5 45. Bd4 Rd6 46. Ra1 Rd2 47.
Ra8+ Kg7 48. Ra7+ Kh8 49. Ra8+ Kg7 50. Ra7+ Kh8 51. Ra8+ 1/2-1/2

[Event "45th Rilton Cup 2015-16"]
[Site "Stockholm SWE"]
[Date "2015.12.28"]
[Round "2.4"]
[White "Krasenkow, Michal"]
[Black "Hagen, Andreas Skytte"]
[Result "1-0"]
[WhiteTitle "GM"]
[BlackTitle "IM"]
[WhiteElo "2610"]
[BlackElo "2395"]
[WhiteFideId "1113100"]
[BlackFideId "1407341"]
[EventDate "2015.12.27"]

1. d4 Nf6 2. c4 e6 3. Nf3 d5 4. Nc3 Bb4 5. Bg5 h6 6. Bxf6 Qxf6 7. Qa4+ Nc6 8. e3
O-O 9. Rc1 Qg6 10. Qc2 Qxc2 11. Rxc2 Rd8 12. a3 Bf8 13. Nb5 Rd7 14. cxd5 exd5
15. Bd3 a6 16. Nc3 Rd8 17. O-O Nb8 18. Ne5 c6 19. f4 f6 20. Nf3 Be6 21. f5 Bf7
22. g4 Be7 23. h4 Kf8 24. Rg2 Ke8 25. g5 hxg5 26. hxg5 fxg5 27. Nxg5 Bf6 28. Ne6
Bxe6 29. fxe6 Ke7 30. Bf5 b5 31. Ne2 Ra7 32. Nf4 Kd6 33. Ng6 a5 34. Bg4 Na6 35.
Rgf2 Re8 36. Rxf6 gxf6 37. Rxf6 Rg7 38. Kf2 Rge7 39. Nxe7 Rxe7 40. Rf8 c5 41.
Ra8 Nc7 42. Rd8+ Kc6 43. Rd7 1-0

[Event "45th Rilton Cup 2015-16"]
[Site "Stockholm SWE"]
[Date "2015.12.28"]
[Round "2.5"]
[White "Wallace, John Paul"]
[Black "Goganov, Aleksey"]
[Result "1/2-1/2"]
[WhiteTitle "IM"]
[BlackTitle "GM"]
[WhiteElo "2383"]
[BlackElo "2597"]
[WhiteFideId "3200957"]
[BlackFideId "24109959"]
[EventDate "2015.12.27"]

1. d4 d5 2. c4 c6 3. Nc3 Nf6 4. e3 e6 5. Nf3 Nbd7 6. Qc2 Bd6 7. b3 O-O 8. Be2 b6
9. O-O Bb7 10. Bb2 Qe7 11. Rfe1 Rad8 12. Rad1 c5 13. cxd5 exd5 14. Bf1 Rfe8 15.
g3 Bb8 16. Bg2 Ne4 17. dxc5 Ndxc5 18. Nb5 Rc8 19. Qb1 Bc6 20. Nbd4 Bd7 21. Nc2
Bf5 22. Nh4 Be6 23. Nd4 Be5 24. f3 Nd6 25. Nxe6 Qxe6 26. Bxe5 Qxe5 27. f4 Qf6
28. Rxd5 Nb5 29. Qa1 Qxa1 30. Rxa1 Nc3 31. Rd2 Rxe3 32. Nf5 Re6 33. Kf1 g6 34.
Nh6+ Kg7 35. Ng4 a5 36. Rc2 Nd3 37. Rd2 Nc5 38. Rc1 N3e4 39. Rdd1 f6 40. Bxe4
Rxe4 41. Rd6 f5 42. Nf6 Re3 43. Nd5 Rf3+ 44. Ke2 Rf2+ 45. Kxf2 Ne4+ 46. Ke3 Rxc1
47. Rd7+ Kf8 48. Nxb6 Rc2 49. Rxh7 Rxa2 50. Nc4 Kg8 51. Rb7 a4 52. bxa4 Rxa4 53.
Ne5 Ra3+ 54. Kd4 Ra4+ 55. Kd5 Ra5+ 56. Kc6 Ra6+ 57. Kc7 Kg7 58. Kd8+ Kh6 59. Ke7
g5 60. Rb8 gxf4 61. gxf4 Kg7 62. Rb2 Nf6 63. Rg2+ Kh7 64. Rd2 Nh5 65. Rd4 Kg7
66. Nf3 Ra2 67. Nh4 Re2+ 68. Kd6 Rxh2 69. Nxf5+ Kf6 70. Ne3 Rh4 71. Nd5+ Kf5 72.
Ne3+ Kf6 73. Nd5+ Kf5 1/2-1/2

[Event "45th Rilton Cup 2015-16"]
[Site "Stockholm SWE"]
[Date "2015.12.28"]
[Round "2.6"]
[White "Donchenko, Alexander"]
[Black "Martynov, Pavel2"]
[Result "1/2-1/2"]
[WhiteTitle "GM"]
[BlackTitle "FM"]
[WhiteElo "2588"]
[BlackElo "2380"]
[WhiteFideId "24603295"]
[BlackFideId "4122186"]
[EventDate "2015.12.27"]

1. c4 c6 2. Nf3 Nf6 3. g3 d5 4. Bg2 dxc4 5. O-O Nbd7 6. Na3 Nb6 7. Qc2 Be6 8. b3
cxb3 9. axb3 g6 10. Nc4 Bg7 11. Bb2 O-O 12. e4 Ne8 13. d4 h6 14. h4 Nd6 15. Ne3
Qe8 16. h5 f5 17. Nh4 fxe4 18. Nxg6 Rf6 19. Ra5 Nd5 20. Qe2 b6 21. Raa1 Nxe3 22.
Qxe3 Bd5 23. g4 a5 24. f3 exf3 25. Nxe7+ Kf7 26. Nxd5 Qxe3+ 27. Nxe3 fxg2 28.
Kxg2 Re8 29. Rf3 Rxf3 30. Kxf3 c5 31. Rd1 Nb5 32. Nf5 cxd4 33. Nxg7 Kxg7 34.
Bxd4+ Nxd4+ 35. Rxd4 Re5 36. Rd7+ Kf6 37. Kf4 Rb5 38. Rh7 Rb4+ 39. Kg3 Rxb3+ 40.
Kh4 a4 41. Rxh6+ Kg7 42. Rc6 Rb5 43. Rc7+ Kh8 44. h6 Ra5 45. g5 a3 46. g6 Ra8
47. Rh7+ Kg8 48. Rg7+ Kh8 49. Rh7+ 1/2-1/2

[Event "45th Rilton Cup 2015-16"]
[Site "Stockholm SWE"]
[Date "2015.12.28"]
[Round "2.7"]
[White "Bellon Lopez, Juan Manuel"]
[Black "Socko, Bartosz"]
[Result "0-1"]
[WhiteTitle "GM"]
[BlackTitle "GM"]
[WhiteElo "2376"]
[BlackElo "2587"]
[WhiteFideId "2200031"]
[BlackFideId "1107038"]
[EventDate "2015.12.27"]

1. d4 Nf6 2. Bg5 Ne4 3. Bh4 c5 4. f3 g5 5. fxe4 gxh4 6. e3 Bh6 7. Kf2 cxd4 8.
exd4 Nc6 9. Nc3 d6 10. Bb5 O-O 11. Nf3 Kh8 12. Re1 h3 13. gxh3 Bxh3 14. Ng1 e5
15. Qh5 Qf6+ 16. Nf3 Be6 17. Bxc6 bxc6 18. dxe5 dxe5 19. Rad1 Rab8 20. b3 Rg8
21. Rg1 Qf4 22. Ne2 Qe3+ 23. Ke1 Rxg1+ 24. Nxg1 Rg8 25. Kf1 Bg4 26. Qxe5+ Bg7
27. Qg3 Qxe4 28. Qd3 Qh1 29. Qe3 Bf6 30. Qh6 Bxe2+ 31. Kxe2 Qe4+ 0-1

[Event "45th Rilton Cup 2015-16"]
[Site "Stockholm SWE"]
[Date "2015.12.28"]
[Round "2.9"]
[White "Martins, David Pires Tavares"]
[Black "Cramling, Pia"]
[Result "1/2-1/2"]
[WhiteTitle "FM"]
[BlackTitle "GM"]
[WhiteElo "2372"]
[BlackElo "2523"]
[WhiteFideId "1909991"]
[BlackFideId "1700030"]
[EventDate "2015.12.27"]

1. Nf3 c5 2. c4 Nc6 3. Nc3 Nd4 4. e3 Nxf3+ 5. Qxf3 g6 6. b3 Bg7 7. Bb2 d6 8. g3
Rb8 9. Bg2 Nh6 10. Qe2 Nf5 11. O-O O-O 12. d3 Bd7 13. a4 Bc6 14. Ne4 e5 15. Nc3
Ne7 16. Ba3 a5 17. Rad1 Qd7 18. Nb5 Nf5 19. Bb2 Rfe8 20. Qd2 Nh4 21. gxh4 Bxg2
22. Kxg2 Qg4+ 23. Kh1 Qf3+ 24. Kg1 Qg4+ 25. Kh1 Qf3+ 26. Kg1 Qg4+ 1/2-1/2

[Event "45th Rilton Cup 2015-16"]
[Site "Stockholm SWE"]
[Date "2015.12.28"]
[Round "2.10"]
[White "Hillarp Persson, Tiger"]
[Black "Nyysti, Sampsa"]
[Result "1-0"]
[WhiteTitle "GM"]
[BlackTitle "IM"]
[WhiteElo "2521"]
[BlackElo "2370"]
[WhiteFideId "1700812"]
[BlackFideId "502138"]
[EventDate "2015.12.27"]

1. d4 Nf6 2. c4 c5 3. d5 b5 4. Nf3 g6 5. cxb5 a6 6. b6 Bg7 7. Nc3 d6 8. e4 Nbd7
9. a4 a5 10. Bb5 Ba6 11. b7 Ra7 12. e5 dxe5 13. Nxe5 Bxb5 14. Nxb5 Rxb7 15. Nc6
Qb6 16. O-O Nb8 17. Nxb8 Rxb8 18. d6 e6 19. Nc7+ Kd7 20. Nb5 Nd5 21. Ra3 Rhd8
22. Rh3 h5 23. Rd3 Qc6 24. Qf3 Nf6 25. Bg5 1-0

[Event "45th Rilton Cup 2015-16"]
[Site "Stockholm SWE"]
[Date "2015.12.28"]
[Round "2.11"]
[White "Engqvist, Thomas"]
[Black "Tikkanen, Hans"]
[Result "0-1"]
[WhiteTitle "IM"]
[BlackTitle "GM"]
[WhiteElo "2358"]
[BlackElo "2515"]
[WhiteFideId "1700332"]
[BlackFideId "1706446"]
[EventDate "2015.12.27"]

1. b3 d5 2. Bb2 Nf6 3. Nf3 g6 4. c4 c6 5. d3 Bg7 6. Nbd2 O-O 7. Rc1 Nbd7 8. Qc2
Re8 9. e4 e5 10. b4 Bf8 11. a3 a5 12. b5 d4 13. bxc6 bxc6 14. c5 Nxc5 15. Nc4
Nfd7 16. g3 Rb8 17. Be2 Ba6 18. Nfd2 a4 19. O-O Nb3 20. Rce1 Ndc5 21. Nf3 f6 22.
Nh4 Na5 23. Nxa5 Qxa5 24. Rd1 Qb5 25. Bc1 Nb3 26. f4 Qc5 27. Qxc5 Nxc5 28. Rd2
Rb1 29. Nf3 Bb5 30. Rfd1 Nb3 0-1

[Event "45th Rilton Cup 2015-16"]
[Site "Stockholm SWE"]
[Date "2015.12.28"]
[Round "2.12"]
[White "Meskovs, Nikita"]
[Black "Hejazipour, Mitra"]
[Result "0-1"]
[WhiteTitle "IM"]
[BlackTitle "WGM"]
[WhiteElo "2511"]
[BlackElo "2357"]
[WhiteFideId "11602740"]
[BlackFideId "12505951"]
[EventDate "2015.12.27"]

1. Nf3 c5 2. c4 Nc6 3. g3 g6 4. Bg2 Bg7 5. O-O d6 6. Nc3 Bf5 7. d3 Qd7 8. Rb1
Nf6 9. a3 Bh3 10. b4 Bxg2 11. Kxg2 Nd4 12. e3 Ne6 13. d4 cxd4 14. exd4 O-O 15.
d5 Nc7 16. Qd3 a6 17. a4 Rac8 18. Be3 e6 19. dxe6 fxe6 20. h3 Nce8 21. b5 axb5
22. axb5 Qc7 23. Rb4 Nd7 24. Ne4 Rxf3 25. Ng5 Rf6 0-1

[Event "45th Rilton Cup 2015-16"]
[Site "Stockholm SWE"]
[Date "2015.12.28"]
[Round "2.13"]
[White "Westerberg, Jonathan"]
[Black "Arman, Deniz"]
[Result "1/2-1/2"]
[WhiteTitle "IM"]
[BlackTitle "FM"]
[WhiteElo "2497"]
[BlackElo "2332"]
[WhiteFideId "1701754"]
[BlackFideId "6302106"]
[EventDate "2015.12.27"]

1. e4 d5 2. exd5 Qxd5 3. Nc3 Qa5 4. d4 c6 5. Bc4 Bf5 6. Nf3 e6 7. Qe2 Bb4 8. Bd2
Nf6 9. O-O-O Nbd7 10. a3 Bxc3 11. Bxc3 Qc7 12. Ne5 Nxe5 13. dxe5 Nd5 14. Bd2
O-O-O 15. g4 Bg6 16. f4 h5 17. h3 Nb6 18. Bb3 hxg4 19. hxg4 Rxh1 20. Rxh1 c5 21.
Qf3 c4 22. Ba2 Qd7 23. Rd1 Na4 24. Bb4 Qxd1+ 25. Qxd1 Rxd1+ 26. Kxd1 Be4 27. Kc1
b5 28. b3 cxb3 29. cxb3 Nb6 30. Bd2 g5 31. fxg5 Nd5 32. b4 Kd7 33. Bb3 Ne7 34.
Be3 a6 35. Kd2 Ng6 36. Bd4 Kc6 37. Ke3 Bd5 38. Bc2 Bh1 39. Bb2 Bd5 40. Kd4 Bf3
41. Bc1 Bh1 42. Be3 Bf3 43. a4 Bh1 44. a5 Bf3 45. Bf2 Bh1 46. Bxg6 fxg6 47. Ke3
Kd5 48. Kf4 Be4 49. Bc5 1/2-1/2

[Event "45th Rilton Cup 2015-16"]
[Site "Stockholm SWE"]
[Date "2015.12.28"]
[Round "2.14"]
[White "Vuilleumier, Alexandre"]
[Black "Blomqvist, Erik"]
[Result "0-1"]
[WhiteTitle "IM"]
[BlackTitle "GM"]
[WhiteElo "2342"]
[BlackElo "2493"]
[WhiteFideId "1305662"]
[BlackFideId "1709437"]
[EventDate "2015.12.27"]

1. Nf3 d5 2. c4 e6 3. g3 g6 4. Bg2 Bg7 5. O-O Nf6 6. b3 O-O 7. Ba3 Re8 8. d4 b6
9. Nc3 Bb7 10. Rc1 a5 11. Ne5 Na6 12. Qd2 Ne4 13. Nxe4 dxe4 14. Rfd1 c5 15. Qf4
f6 16. Nxg6 hxg6 17. dxc5 Qb8 18. cxb6 Qxf4 19. gxf4 Red8 20. e3 Bf8 21. Bxf8
Kxf8 22. Rd4 Nc5 23. Rb1 Ke7 24. a3 Ra6 25. Rxd8 Kxd8 26. Rd1+ Ke7 27. b4 axb4
28. axb4 Nd3 29. c5 Nxb4 30. Bf1 Ra8 31. Bb5 Nc6 32. Kg2 Rc8 33. Kg3 Nb8 34. Rc1
Bd5 35. h4 Nd7 36. Bxd7 Kxd7 37. h5 gxh5 38. Kh4 Rh8 39. f5 exf5 40. Rg1 Rc8 41.
Rb1 Bb7 42. Rd1+ Ke6 0-1

[Event "45th Rilton Cup 2015-16"]
[Site "Stockholm SWE"]
[Date "2015.12.28"]
[Round "2.15"]
[White "Radionov, Timur"]
[Black "Andersen, Mads"]
[Result "0-1"]
[WhiteTitle "FM"]
[BlackTitle "IM"]
[WhiteElo "2321"]
[BlackElo "2474"]
[WhiteFideId "34178772"]
[BlackFideId "1413864"]
[EventDate "2015.12.27"]

1. e4 e6 2. d4 d5 3. Nc3 Nf6 4. e5 Nfd7 5. Nf3 c5 6. Bb5 Nc6 7. O-O a6 8. Bxc6
bxc6 9. Ne2 cxd4 10. Qxd4 Qc7 11. c3 a5 12. Re1 Nc5 13. Be3 Ba6 14. Rad1 Rb8 15.
Bc1 Ne4 16. Qe3 Bc5 17. Ned4 Be7 18. h4 O-O 19. Ng5 Nc5 20. Qg3 a4 21. Re3 Bc4
22. Qg4 Bxg5 23. hxg5 Bxa2 24. Rh3 Bb1 25. f4 Rfe8 26. Qh4 Nd7 27. f5 Nf8 28. f6
Bg6 29. Qf2 Nd7 30. Bf4 Qb6 31. Rd2 Nc5 32. Qe3 Ne4 33. Re2 Red8 34. Nf3 Qxe3+
35. Bxe3 c5 36. fxg7 a3 0-1

[Event "45th Rilton Cup 2015-16"]
[Site "Stockholm SWE"]
[Date "2015.12.28"]
[Round "2.16"]
[White "Zumsande, Martin"]
[Black "Koykka, Pekka"]
[Result "1/2-1/2"]
[WhiteTitle "IM"]
[BlackTitle "FM"]
[WhiteElo "2442"]
[BlackElo "2326"]
[WhiteFideId "4651324"]
[BlackFideId "504319"]
[EventDate "2015.12.27"]

1. e4 c5 2. Nf3 d6 3. c3 Nf6 4. h3 e6 5. Bd3 Be7 6. O-O O-O 7. Bc2 Nc6 8. Re1 e5
9. d4 exd4 10. cxd4 Nd7 11. Nc3 Bf6 12. Be3 cxd4 13. Nxd4 Nde5 14. Bb3 Ng6 15.
Nd5 Be5 16. Rc1 Bd7 17. Rc2 Na5 18. Rd2 Nxb3 19. Qxb3 Bxd4 20. Rxd4 b6 21. Nc3
Be6 22. Qa4 Qf6 23. Rxd6 Qe5 24. Red1 Rfb8 25. Qb5 Rc8 26. f4 Qxb5 27. Nxb5 Bxa2
28. Nxa7 Re8 29. Nc6 Rxe4 30. Rd8+ Re8 31. Rxa8 Rxa8 32. f5 Bb3 33. Rd6 Nf8 34.
Bxb6 h5 35. Bc5 Nh7 36. Nd4 Bc4 37. b3 Bd3 38. Nc6 Bb5 39. Bd4 Ng5 40. Rd8+ Rxd8
41. Nxd8 Bd7 42. f6 Ne6 43. Nxe6 Bxe6 44. b4 g5 45. b5 Kf8 46. b6 Bd5 47. Kf2
Ke8 48. Be3 g4 49. Kg3 Kd7 50. Kf4 gxh3 51. gxh3 Bg2 52. h4 Kc6 53. Kg5 Bf3 54.
Kh6 Bg4 55. Kg7 Be6 56. Kf8 Kb7 57. Ke7 1/2-1/2

[Event "45th Rilton Cup 2015-16"]
[Site "Stockholm SWE"]
[Date "2015.12.28"]
[Round "2.17"]
[White "Dahl, Trygve"]
[Black "Salomon, Johan"]
[Result "0-1"]
[BlackTitle "IM"]
[WhiteElo "2139"]
[BlackElo "2438"]
[WhiteFideId "1513427"]
[BlackFideId "1509500"]
[EventDate "2015.12.27"]

1. e4 e5 2. Nf3 Nc6 3. Nc3 Nf6 4. Be2 d5 5. exd5 Nxd5 6. O-O Nxc3 7. bxc3 e4 8.
Nd4 Nxd4 9. cxd4 Qxd4 10. c3 Qd5 11. d3 Be7 12. dxe4 Qc6 13. Be3 O-O 14. Qc2 Be6
15. Rfd1 Rfd8 16. Bd4 Bc4 17. Bf3 Qe6 18. e5 c5 19. Be3 Rxd1+ 20. Rxd1 Bxa2 21.
Bxb7 Bb3 22. Qb1 Rf8 23. Rd2 a5 24. Be4 g6 25. f4 a4 26. Qb2 Re8 27. Kf2 Bf8 28.
Qa3 Rc8 29. Bb7 Rb8 30. Bf3 c4 31. Qc1 a3 32. Bd5 Qf5 33. Kf3 a2 34. Be4 Qe6 35.
Qa1 Be7 36. g4 Rd8 37. Bd4 Bc5 38. f5 Qe8 39. f6 Qxe5 40. Bxe5 Rxd2 41. Bb1 Rd1
42. Qxa2 Bxa2 43. Bxa2 Bd6 44. Bd4 Bxh2 45. Bxc4 Bg1 46. Be5 Bb6 47. Be2 Rd8 48.
c4 Bd4 49. Bf4 Bxf6 50. c5 Rc8 51. Bd6 Bd8 52. Ke4 Bc7 53. Kd5 Bxd6 54. Kxd6
Rd8+ 55. Kc7 Rd2 56. Bb5 Kf8 57. c6 Ke7 58. Kb7 Rb2 0-1

[Event "45th Rilton Cup 2015-16"]
[Site "Stockholm SWE"]
[Date "2015.12.28"]
[Round "2.18"]
[White "Grove, Peter"]
[Black "Semcesen, Daniel"]
[Result "0-1"]
[BlackTitle "GM"]
[WhiteElo "2133"]
[BlackElo "2431"]
[WhiteFideId "1411101"]
[BlackFideId "1706993"]
[EventDate "2015.12.27"]

1. Nf3 d6 2. c4 f5 3. Nc3 Nf6 4. d4 g6 5. g3 Bg7 6. Bg2 O-O 7. O-O c6 8. b3 Qa5
9. Bb2 e5 10. e3 e4 11. Nd2 d5 12. f3 Be6 13. fxe4 fxe4 14. cxd5 cxd5 15. Qe2
Nc6 16. a3 h5 17. Rac1 Rae8 18. Ncxe4 dxe4 19. Nxe4 Nxe4 20. Rxf8+ Rxf8 21. Bxe4
Ne7 22. b4 Qb6 23. Rc5 Bh3 24. Qc4+ Kh8 25. Bd3 Qf6 0-1

[Event "45th Rilton Cup 2015-16"]
[Site "Stockholm SWE"]
[Date "2015.12.28"]
[Round "2.19"]
[White "Johansson, Linus"]
[Black "Lundin, Jan"]
[Result "1-0"]
[WhiteTitle "IM"]
[BlackTitle "FM"]
[WhiteElo "2423"]
[BlackElo "2230"]
[WhiteFideId "1711113"]
[BlackFideId "1706896"]
[EventDate "2015.12.27"]

1. e4 e5 2. Nf3 Nc6 3. Bb5 a6 4. Ba4 Nf6 5. d3 b5 6. Bb3 Bc5 7. O-O d6 8. a4 Bg4
9. c3 Rb8 10. Nbd2 O-O 11. h3 Be6 12. Re1 b4 13. a5 bxc3 14. bxc3 Bxb3 15. Nxb3
Ba7 16. Bg5 h6 17. Bxf6 Qxf6 18. d4 Rb5 19. d5 Ne7 20. Nbd2 Ng6 21. g3 Qe7 22.
Qc2 Qd7 23. Kg2 f5 24. Reb1 Ne7 25. c4 Rxb1 26. Rxb1 c6 27. exf5 Rxf5 28. Qb3
cxd5 29. Qb7 Qxb7 30. Rxb7 Nc8 31. Rc7 e4 32. Rxc8+ Kh7 33. g4 exf3+ 34. Nxf3
Rf4 35. cxd5 Ra4 36. Rc7 Bc5 37. Nh4 Bd4 38. Nf5 Be5 39. f4 Rxf4 40. Rc6 h5 41.
Nxd6 hxg4 42. Nc4 gxh3+ 43. Kxh3 Bf6 44. Kg3 Rd4 45. d6 Kg8 46. Kf3 Kf7 47. Nb6
Bd8 48. Ke3 Bxb6 49. axb6 Rb4 50. Rc7+ Ke6 51. d7 Rb3+ 52. Kd2 Ke7 53. b7 1-0

[Event "45th Rilton Cup 2015-16"]
[Site "Stockholm SWE"]
[Date "2015.12.28"]
[Round "2.20"]
[White "Storme, Isak"]
[Black "Kolosowski, Mateusz"]
[Result "1/2-1/2"]
[BlackTitle "IM"]
[WhiteElo "1864"]
[BlackElo "2423"]
[WhiteFideId "1728113"]
[BlackFideId "1129708"]
[EventDate "2015.12.27"]

1. e4 c5 2. Nf3 e6 3. d4 cxd4 4. Nxd4 Nc6 5. Nc3 Qc7 6. Be3 a6 7. Qf3 Bb4 8.
Nxc6 dxc6 9. Bf4 e5 10. Qg3 f6 11. Bd2 Be6 12. f4 exf4 13. Bxf4 Qf7 14. Bd3 Ne7
15. O-O O-O 16. e5 f5 17. Ne2 c5 18. c3 Ba5 19. Be3 Rac8 20. Qf2 Nd5 21. Bd2 c4
22. Bc2 Bb6 23. Nd4 Rcd8 24. Kh1 Bxd4 25. cxd4 b5 26. Qh4 Ne7 27. Rad1 Ng6 28.
Qf2 Qe7 29. a3 Qb7 30. Bb4 Rf7 31. Rd2 Kh8 32. Bd1 Bd5 33. Bf3 Nf4 34. Bxd5 Nxd5
35. e6 Rf6 36. Re1 Re8 37. Rde2 Qc6 38. e7 f4 39. Qf3 Qd7 40. Re5 Ne3 41. Bc5
Kg8 42. d5 Nf5 43. Qd1 Qc7 44. d6 Nxd6 45. Qd5+ Nf7 46. Re6 Rg6 47. Rxg6 hxg6
48. Re6 Kh7 49. Rxa6 Rxe7 50. Bxe7 Qxe7 51. Qe6 Qd8 52. Qxg6+ Kg8 53. h3 f3 54.
gxf3 Qd1+ 55. Kh2 Qe2+ 56. Kg3 Qe5+ 57. Kg2 Qe2+ 58. Kh1 Qd1+ 59. Qg1 Qxf3+ 60.
Qg2 Qd1+ 61. Kh2 Qd4 62. Ra8+ Kh7 63. Ra6 Ne5 64. Qc2+ g6 65. Qg2 Qf4+ 66. Kh1
Qc1+ 67. Kh2 1/2-1/2

[Event "45th Rilton Cup 2015-16"]
[Site "Stockholm SWE"]
[Date "2015.12.28"]
[Round "2.21"]
[White "Haug, Johannes"]
[Black "Ivanov, Sergey"]
[Result "0-1"]
[WhiteTitle "FM"]
[BlackTitle "GM"]
[WhiteElo "2247"]
[BlackElo "2556"]
[WhiteFideId "1509268"]
[BlackFideId "4101375"]
[EventDate "2015.12.27"]

1. e4 c5 2. Nf3 e6 3. d4 cxd4 4. Nxd4 Nc6 5. Nb5 d6 6. c4 Nf6 7. N5c3 Be7 8. Be2
O-O 9. Be3 b6 10. O-O Bb7 11. Na3 Rc8 12. Rc1 Re8 13. Qc2 d5 14. exd5 exd5 15.
cxd5 Nxd5 16. Nxd5 Qxd5 17. Bc4 Qe5 18. Qc3 Qxc3 19. Rxc3 Na5 20. Rfc1 Bf6 21.
R3c2 Nxc4 22. Nxc4 Be4 23. b3 Bxc2 24. Rxc2 b5 25. Na3 a6 26. Kf1 Be7 27. Rxc8
Rxc8 28. Nb1 Rc2 0-1

[Event "45th Rilton Cup 2015-16"]
[Site "Stockholm SWE"]
[Date "2015.12.28"]
[Round "2.22"]
[White "Tari, Aryan"]
[Black "Eriksson, Jorgen"]
[Result "0-1"]
[WhiteTitle "IM"]
[WhiteElo "2556"]
[BlackElo "2206"]
[WhiteFideId "1510045"]
[BlackFideId "1701967"]
[EventDate "2015.12.27"]

1. e4 c5 2. Nf3 g6 3. c4 Nc6 4. d4 cxd4 5. Nxd4 Nf6 6. Nc3 d6 7. Be2 Nxd4 8.
Qxd4 Bg7 9. Be3 O-O 10. Qd2 a5 11. O-O a4 12. Rac1 Qa5 13. Rc2 Be6 14. f3 Rfc8
15. b3 axb3 16. axb3 Qb4 17. Rb1 Ra3 18. Nb5 Qxd2 19. Rxd2 Raa8 20. Nd4 Bd7 21.
Kf2 Be8 22. b4 Nd7 23. Rc2 b6 24. Nb5 Ne5 25. f4 Bxb5 26. fxe5 Bxe5 27. Bxb6 Ra3
28. g3 Bc6 29. Bf3 f5 30. Be3 Ba4 31. Rd2 Rxc4 32. exf5 Rcc3 33. Bd5+ Kg7 34.
Bf4 Bxf4 35. gxf4 Rd3 36. Rxd3 Rxd3 37. Be4 Rd4 38. Bf3 Rxf4 39. Re1 Bc6 40.
Rxe7+ Kf6 41. Re3 gxf5 42. b5 Bxb5 43. Kg3 Rd4 44. Rb3 Bd3 45. Rb8 Be4 46. Kf4
Bxf3+ 47. Kxf3 Rd3+ 48. Kf4 Rd4+ 49. Kf3 Rh4 50. Kg3 Rg4+ 51. Kf3 Rh4 52. Kg3
Rg4+ 53. Kf3 Ke5 54. Re8+ Kd4 55. Re7 Rh4 56. Kg3 Rh6 57. Re1 f4+ 58. Kxf4 Rxh2
59. Rd1+ Kc5 60. Rc1+ Kd5 61. Rd1+ Ke6 62. Re1+ Kd7 63. Ra1 Rh5 64. Kg4 Rc5 65.
Ra7+ Rc7 66. Ra5 Ke6 67. Rh5 Rf7 68. Rh1 d5 69. Re1+ Kd6 70. Rd1 Ke5 71. Re1+
Kd6 72. Rd1 h6 73. Rh1 d4 74. Rh5 Kc6 75. Kg3 d3 76. Kg2 Rd7 77. Rh1 Kc5 78. Kf2
Re7 79. Rh5+ Kc4 80. Rxh6 Kc3 81. Rc6+ Kb2 82. Rb6+ Kc1 83. Rc6+ Kd1 84. Rf6 d2
85. Rf5 Rc7 0-1